|
|
|
|
| LEADER |
00746nab a2200217 i 4500 |
| 001 |
misc60896 |
| 005 |
20221019115151.0 |
| 008 |
220420s1941 hu o 0|| hun d |
| 040 |
|
|
|a SZTE Miscellanea Repozitórium
|b hun
|
| 041 |
|
|
|a hun
|
| 041 |
|
|
|a rus
|
| 100 |
1 |
|
|a Hrabár Nóra
|
| 245 |
1 |
0 |
|a Mazeppa a legújabb ukrán kutatások világában
|h [elektronikus dokumentum] /
|c Hrabár Nóra
|
| 260 |
|
|
|c 1941
|
| 300 |
|
|
|a 59 p.
|c 24 cm
|
| 561 |
|
|
|a Németh Gyula hagyaték
|
| 591 |
|
|
|a NOV 2374
|
| 650 |
|
4 |
|a Bölcsészettudományok
|
| 650 |
|
4 |
|a Történettudomány és régészet
|
| 695 |
|
|
|a Ivan Sztepanovics Mazepa, Kozákok története - 17-18. sz.
|
| 856 |
4 |
0 |
|u http://misc.bibl.u-szeged.hu/60896/1/2374_nov_h93.pdf
|z Dokumentum-elérés
|